[Event "Windsor NAYCC U14"]
[Site "Windsor"]
[Date "2016.08.11"]
[Round "9.80"]
[White "Jeyakumar, Yathushan"]
[Black "Titus, Joshua Chris"]
[Result "1-0"]
[WhiteElo "1210"]
[BlackElo "1155"]
[PlyCount "135"]
[EventDate "2016.08.07"]
[EventType "swiss"]
[EventRounds "9"]
[EventCountry "CAN"]
[SourceTitle "EXT 2022"]
[Source "ChessBase"]
[SourceDate "2021.10.06"]
[SourceVersion "1"]
[SourceVersionDate "2021.10.06"]
[SourceQuality "1"]

1. e4 c6 2. d4 d5 3. exd5 cxd5 4. Nf3 Nc6 5. Nc3 Nf6 6. Bb5 Bg4 7. h3 Bh5 8. 0-0 e6 9. Bg5 Be7 10. Re1 0-0 11. Be2 Qb6 12. Be3 Qxb2 13. Na4 Qa3 14. c3 Ne4 15. Qb3 Qxb3 16. axb3 Bxf3 17. Bxf3 b5 18. Bxe4 bxa4 19. Bc2 axb3 20. Bxb3 a5 21. Ba4 Rfc8 22. Reb1 h6 23. Rb7 Bg5 24. Bxg5 hxg5 25. Rab1 Rab8 26. Bxc6 Rxb7 27. Bxb7 Rb8 28. Ra1 Rxb7 29. Rxa5 Rb1+ 30. Kh2 Rc1 31. Ra3 Rc2 32. Kg3 Kh7 33. Kf3 Kg6 34. g4 f5 35. Kg3 fxg4 36. hxg4 Kf6 37. Kf3 e5 38. Ra6+ Kf7 39. dxe5 Rxc3+ 40. Ke2 Rc7 41. Rd6 d4 42. Rxd4 Rc5 43. Rd7+ Kg6 44. Re7 Kh7 45. Ke3 Kg8 46. Ke4 Kf8 47. Rd7 Rc2 48. f3 Re2+ 49. Kf5 Re3 50. Kxg5 Rxe5+ 51. Kg6 Re7 52. Rxe7 Kxe7 53. Kxg7 Ke6 54. g5 Kf5 55. Kh6 Ke6 56. g6 Kf6 57. g7 Kf7 58. Kh7 Kf6 59. g8Q Kf5 60. Qe8 Kf4 61. Qe4+ Kg3 62. Kh6 Kf2 63. Kg5 Kg3 64. f4 Kf2 65. f5 Kg3 66. Qe3+ Kg2 67. Qe2+ Kh1 68. Kg4 1-0

[Event "Windsor NAYCC U14"]
[Site "Windsor"]
[Date "2016.08.09"]
[Round "5.78"]
[White "Hou, Frank Gui"]
[Black "Titus, Joshua Chris"]
[Result "0-1"]
[WhiteElo "1295"]
[BlackElo "1155"]
[PlyCount "52"]
[EventDate "2016.08.07"]
[EventType "swiss"]
[EventRounds "9"]
[EventCountry "CAN"]
[SourceTitle "EXT 2022"]
[Source "ChessBase"]
[SourceDate "2021.10.06"]
[SourceVersion "1"]
[SourceVersionDate "2021.10.06"]
[SourceQuality "1"]

1. e4 c6 2. d4 d5 3. exd5 cxd5 4. Bf4 Nf6 5. Nf3 Bg4 6. h3 Bh5 7. Be2 e6 8. Ne5 Bxe2 9. Qxe2 Bd6 10. Qb5+ Nbd7 11. Qxb7 Bxe5 12. Bxe5 Nxe5 13. dxe5 Nd7 14. f4 0-0 15. Qb4 Rb8 16. Qa3 Qh4+ 17. g3 Qh5 18. Nd2 Qg6 19. 0-0-0 Rfc8 20. c3 Nc5 21. Rdf1 Nd3+ 22. Kd1 Nxb2+ 23. Kc1 Nc4 24. Qa4 Nxd2 25. Kxd2 Rb2+ 26. Kc1 Qb1# 0-1